Terraria Bosses - Statistics

General Stats
  • This quiz has been taken 1,385 times
  • The average score is 22 of 32
Answer Stats
Answer % Correct
Eye of Cthulhu
97%
King Slime
95%
Skeletron
95%
Wall of Flesh
94%
Moon Lord
93%
Eater of Worlds
90%
Plantera
90%
Skeletron Prime
89%
The Twins
89%
Golem
88%
Brain of Cthulhu
87%
Queen Bee
87%
The Destroyer
87%
Queen Slime
85%
Duke Fishron
80%
Lunatic Cultist
78%
Empress of Light
77%
Deerclops
72%
Pumpking
59%
Ice Queen
54%
Betsy
50%
Mourning Wood
50%
Flying Dutchman
43%
Ogre
42%
Solar Pillar
39%
Everscream
38%
Nebula Pillar
38%
Stardust Pillar
38%
Vortex Pillar
38%
Martian Saucer
36%
Santa-NK1
36%
Dark Mage
30%
No matching quizzes found
Score Distribution
Percent of People with Each Score
Percentile by Number Answered
Your Score History
You have not taken this quiz